Detalles MARC
| 000 -LÍDER |
| Campo fijo de descripción fija |
01455nam a22002777a 4500 |
| 001 - NÚMERO DE CONTROL |
| Campo de control |
BINCO |
| 003 - IDENTIFICADOR DEL NÚMERO DE CONTROL |
| Campo de control |
CO-MdBIC |
| 005 - FECHA Y HORA DE LA ULTIMA TRANSACCIÓN |
| control field |
20220425211057.0 |
| 008 - ELEMENTOS DE LONGITUD FIJA -- INFORMACIÓN GENERAL |
| Campo fijo de descripción fija -- Información general |
220425b2017 ck a|||| |||| 00| 0 spa d |
| 020 ## - NÚMERO INTERNACIONAL NORMALIZADO PARA LIBROS |
| Número Internacional Normalizado del libro |
9789585419568 |
| 040 ## - FUENTE DE CATALOGACIÓN |
| Agencia de catalogación original |
CO-MdBIC |
| Idioma de catalogación |
spa. |
| Agencia que realiza la transcripción |
CO-MdBIC |
| Agencia que realiza la modificación |
CO-MdBIC |
| 041 ## - CÓDIGO DE IDIOMA |
| Código de idioma para texto/pista de sonido o título separado |
spa |
| 082 ## - NÚMERO DE CLASIFICACIÓN DECIMAL DEWEY |
| Número de la edición del Dewey |
22 |
| Número de clasificación |
863 |
| Clave de autor-Numero de item |
K57 |
| 100 ## - ASIENTO PRINCIPAL--NOMBRE PERSONAL |
| Nombre personal |
Kipling, Rudyard, |
| Fechas asociadas con el nombre |
1865-1936. |
| 245 ## - TÍTULO |
| Título del Material |
Por qué el elefante tiene la trompa así |
| Mención de responsabilidad, etc. |
/Kipling, Rudyard, escritor |
| Fechas incluidas |
1865-1936. |
| 250 ## - MENCIÓN DE EDICIÓN |
| Mención de edición |
Primera edición |
| 260 1# - PUBLICACIÓN, DISTRIBUCIÓN, ETC. (PIE DE IMPRENTA) |
| Lugar de publicación, distribución, etc. |
Colombia: |
| Nombre del editor, distribuidor, etc. |
Ministerio de cultura de Colombia, |
| Fecha de publicación, distribución, etc. |
[2017] |
| 260 4# - PUBLICACIÓN, DISTRIBUCIÓN, ETC. (PIE DE IMPRENTA) |
| Lugar de publicación, distribución, etc. |
© 2017 |
| 300 ## - DESCRIPCIÓN FÍSICA |
| Extensión |
31 paginas; |
| Otros detalles físicos |
ilustraciones a color: |
| Dimensiones |
27 cm. |
| 490 ## - MENCIÓN DE SERIE |
| Mención de serie |
leer es mi cuento |
| 500 ## - NOTA GENERAL |
| Nota General |
Este autor, uno de los más importantes y queridos de Inglaterra, vivió por años en India y escribió sobre ese país muchísimos libros que hicieron que lectores de todo el mundo se interesaran por gentes, su religión y su cultura. Estos dos cuentos de Kipling que hoy presentamos a los niños colombianos, han sido leídos por lectores del mundo entero. Seguramente los niños colombianos también gozarán y se divertirán viendo cómo y por qué las cosas son como son. ¿No será, acaso, que el elefante tiene trompa y el leopardo manchas porque les pasó lo que él cuenta que les pasó? |
| 650 #7 - ASIENTO SECUNDARIO DE MATERIA - TERMINO TEMÁTICO |
| 9 (RLIN) |
100 |
| Término temático o nombre geográfico como elemento de entrada |
Educación infantil |
| 700 ## - ASIENTO SECUNDARIO - NOMBRE PERSONAL |
| Nombre personal |
Daniel Gómez |
| Responsabilidad |
ilustrador |
| 700 ## - ASIENTO SECUNDARIO - NOMBRE PERSONAL |
| Nombre personal |
Merino, Juan Fernando, |
| Fechas asociadas con el nombre |
1954- |
| Responsabilidad |
traductor |
| 942 ## - TIPO DE MATERIAL (KOHA) |
| Tipo de Item KOHA |
Z- Libro General BINCO |